Gravity Currents in the environment and the laboratory (Record no. 544014)

000 -LEADER
fixed length control field 00460nam a22001577a 4500
020 ## - INTERNATIONAL STANDARD BOOK NUMBER
International Standard Book Number 0 521 561094
082 ## - DEWEY DECIMAL CLASSIFICATION NUMBER
Classification number 526.1
Author Mark SIM
-- N/L-01, P-100
100 ## - MAIN ENTRY--PERSONAL NAME
Personal name Simpson, John E
9 (RLIN) 39546
245 ## - TITLE STATEMENT
Title Gravity Currents in the environment and the laboratory
250 ## - EDITION STATEMENT
Edition statement 2nd ed.
260 ## - PUBLICATION, DISTRIBUTION, ETC.
Place of publication, distribution, etc. UK
Name of publisher, distributor, etc. Cambridge University Press
Date of publication, distribution, etc. 1997
300 ## - PHYSICAL DESCRIPTION
Extent xiii, 244p. :
Other physical details ill. :
Dimensions 10 Cm
526 ## - STUDY PROGRAM INFORMATION NOTE
Program name 0
Interest level 0
Reading level 0
Title point value 526_100000000000000_SIM
650 ## - SUBJECT ADDED ENTRY--TOPICAL TERM
Topical term or geographic name entry element NUST
9 (RLIN) 6342
942 ## - ADDED ENTRY ELEMENTS (KOHA)
Source of classification or shelving scheme
Koha item type Book
Holdings
Withdrawn status Lost status Source of classification or shelving scheme Damaged status Not for loan Permanent Location Current Location Date acquired Total Checkouts Full call number Date last seen Price effective from Koha item type
          Military College of Engineering (MCE) Military College of Engineering (MCE)     526.1 SIM 04/09/2014 04/09/2014 Book
© 2023 Central Library, National University of Sciences and Technology. All Rights Reserved.